00389nam a2200145Ia 45000030006000000080041000060400015000471000027000622450063000892500006001522600050001583000006002085460012002140050017002260STCL150530s9999 xx 000 0 und d aSTCLcSTCL aHubeey J E; Keiter E A aInorganic Chemistry Principles of Structure and Reactivity a4 bPearson Education; Singaporec2005aSingapore a0 aEnglish20220125170307.0